Desarrollo urbano de Managua desde su inicio como ciudad hasta el año 1977
Presenta el desarrollo de la ciudad de Managua donde se enriquece poco a poco en base a las construcciones civiles con manifestaciones arquitectónicas y en el aspecto urbanístico, embelleciendo la ciudad con áreas verdes.
| Main Author: | |
|---|---|
| Other Authors: | |
| Format: | Tesis Section = Libro |
| Language: | Undetermined Spanish |
| Published: |
Managua
Universidad Nacional Autónoma de Nicaragua (UNAN)
1977
|
| Subjects: |
| LEADER | 00950nam a2200205Ia 4500 | ||
|---|---|---|---|
| 008 | 240830s9999 xx 000 0 und d | ||
| 040 | |a BIBLIOTECA-RUSB/ Mon 711.4 C346 | ||
| 041 | |a spa | ||
| 082 | |a Mon 711.4 C346 | ||
| 100 | 1 | |a Castillo, Napoleón | |
| 245 | 1 | 0 | |a Desarrollo urbano de Managua desde su inicio como ciudad hasta el año 1977 |
| 260 | |a Managua |b Universidad Nacional Autónoma de Nicaragua (UNAN) |c 1977 | ||
| 300 | |a p. irreg. :il. | ||
| 502 | |a Tesis (Arquitecto) - Universidad Nacional Autónoma de Nicaragua (UNAN), 1977. | ||
| 520 | 3 | |a Presenta el desarrollo de la ciudad de Managua donde se enriquece poco a poco en base a las construcciones civiles con manifestaciones arquitectónicas y en el aspecto urbanístico, embelleciendo la ciudad con áreas verdes. | |
| 650 | 7 | |a CIUDADES (PLANES Y PLANIFICACION LOCALES) I | |
| 700 | 1 | |a Tutor: |b Brockmann Estrada, José Guillermo | |
| 942 | |c BK |2 ddc | ||
| 991 | |a TESIS | ||
| 999 | |c 20884 | ||